[Event "Mittelfranken-chTB1 1718"]
[Site "Mittelfranken"]
[Date "2018.01.28"]
[Round "4.1"]
[White "Reinholz, Benjamin"]
[Black "Brenner, Christian"]
[Result "1-0"]
[WhiteElo "1933"]
[BlackElo "1920"]
[PlyCount "93"]
[EventDate "2017.10.08"]
[EventType "team-tourn"]
[EventRounds "9"]
[EventCountry "GER"]
[SourceTitle "EXT 2022"]
[Source "ChessBase"]
[SourceDate "2021.10.06"]
[SourceVersion "1"]
[SourceVersionDate "2021.10.06"]
[SourceQuality "1"]
[WhiteTeam "Erlangen SC III"]
[BlackTeam "Nuernberg Zabo Eintracht"]
[WhiteTeamCountry "GER"]
[BlackTeamCountry "GER"]

1. e4 e5 2. Nf3 Nc6 3. Bc4 Nf6 4. d3 Be7 5. Nc3 0-0 6. Be3 d6 7. Qd2 Na5 8. 0-0-0 c6 9. h3 b5 10. Bb3 Nxb3+ 11. cxb3 c5 12. Nxb5 Bd7 13. Nc3 a5 14. Qc2 Bc6 15. Rhe1 Qd7 16. Kd2 Rfb8 17. Ke2 Qb7 18. Bc1 a4 19. bxa4 c4 20. dxc4 Nxe4 21. b3 f5 22. Kf1 Rf8 23. Nd5 Bd8 24. Bb2 Rc8 25. Re2 Qf7 26. Ba3 Re8 27. Ne1 Re6 28. Nc3 Bh4 29. Nxe4 Bxe4 30. Qd2 Be7 31. Nc2 Qg6 32. f3 Ba8 33. Ne3 e4 34. f4 Rf8 35. Nd5 Bd8 36. Re3 Qh6 37. Kg1 Bxd5 38. Qxd5 Bb6 39. c5 dxc5 40. Qc4 Kh8 41. Bxc5 Qxf4 42. Rf3 Qc7 43. Rc3 Rc6 44. Rd5 Rc8 45. b4 Qf4 46. Qd4 Bc7 47. Bd6 1-0

[Event "Mittelfranken-chT2b 1617"]
[Site "Mittelfranken"]
[Date "2017.05.14"]
[Round "9.2"]
[White "Wegmann, Wolfgang"]
[Black "Reinholz, Benjamin"]
[Result "1-0"]
[WhiteElo "1896"]
[BlackElo "1922"]
[PlyCount "77"]
[EventDate "2016.10.23"]
[EventType "team-tourn"]
[EventRounds "9"]
[EventCountry "GER"]
[SourceTitle "EXT 2022"]
[Source "ChessBase"]
[SourceDate "2021.10.06"]
[SourceVersion "1"]
[SourceVersionDate "2021.10.06"]
[SourceQuality "1"]
[WhiteTeam "Heideck/Hilpoltstein"]
[BlackTeam "Erlangen SC III"]
[WhiteTeamCountry "GER"]
[BlackTeamCountry "GER"]

1. c4 e5 2. g3 Nc6 3. Bg2 g6 4. Nc3 Bg7 5. e4 d6 6. d3 Be6 7. Nge2 Qd7 8. Nd5 0-0-0 9. Rb1 Bh3 10. 0-0 h5 11. f4 h4 12. f5 Bxg2 13. Kxg2 gxf5 14. exf5 hxg3 15. hxg3 Bh6 16. b4 Bxc1 17. Qxc1 Nh6 18. b5 Nd4 19. Nxd4 exd4 20. Qf4 Kb8 21. Nf6 Qc8 22. g4 Ng8 23. Qxd4 Nxf6 24. Qxf6 c6 25. Qd4 Ka8 26. a4 d5 27. c5 Qc7 28. Rh1 Rhe8 29. Rbe1 Qa5 30. Rxe8 Rxe8 31. Qb2 Qxa4 32. Kf3 Qa5 33. Rh8 Qe1 34. Rxe8+ Qxe8 35. b6 Qd8 36. g5 d4 37. Qa2 a6 38. Qxf7 a5 39. g6 1-0

[Event "Mittelfranken-chTB2b 1516"]
[Site "Mittelfranken"]
[Date "2015.11.08"]
[Round "2.2"]
[White "Reinholz, Benjamin"]
[Black "Kroneder, Christian"]
[Result "1-0"]
[WhiteElo "2002"]
[BlackElo "2019"]
[PlyCount "37"]
[EventDate "2015.10.18"]
[EventType "team-tourn"]
[EventRounds "9"]
[EventCountry "GER"]
[SourceTitle "EXT 2020"]
[Source "ChessBase"]
[SourceDate "2019.10.17"]
[SourceVersion "1"]
[SourceVersionDate "2019.10.17"]
[SourceQuality "1"]
[WhiteTeam "Erlangen SC III"]
[BlackTeam "Schwanstetten"]
[WhiteTeamCountry "GER"]
[BlackTeamCountry "GER"]

1. e4 c5 2. Nc3 Nc6 3. g3 g6 4. Bg2 Bg7 5. d3 e6 6. Be3 Nd4 7. Qd2 Ne7 8. 0-0-0 b5 9. Bh6 Bxh6 10. Qxh6 Qa5 11. Kb1 Nec6 12. e5 Rb8 13. Bxc6 dxc6 14. Ne4 Nf5 15. Qf4 0-0 16. g4 Ne7 17. Qh6 f6 18. Nxf6+ Rxf6 19. exf6 1-0

[Event "Ruhrgebiet Regionalliga 1415"]
[Site "Germany"]
[Date "2014.09.28"]
[Round "1.8"]
[White "Reisberg, Andre"]
[Black "Reinholz, Benjamin"]
[Result "1-0"]
[WhiteElo "1969"]
[BlackElo "1980"]
[PlyCount "83"]
[EventDate "2014.09.28"]
[EventType "team-tourn"]
[EventRounds "9"]
[EventCountry "GER"]
[SourceTitle "EXT 2022"]
[Source "ChessBase"]
[SourceDate "2021.10.06"]
[SourceVersion "1"]
[SourceVersionDate "2021.10.06"]
[SourceQuality "1"]
[WhiteTeam "Brackel SF"]
[BlackTeam "Herne Sodingen"]
[WhiteTeamCountry "GER"]
[BlackTeamCountry "GER"]

1. d4 d5 2. c4 c6 3. e3 Nf6 4. Nc3 e6 5. Nf3 Be7 6. Bd3 0-0 7. 0-0 b6 8. b3 Bb7 9. Bb2 Nbd7 10. Rc1 Rc8 11. Qe2 c5 12. Rfd1 Bd6 13. cxd5 exd5 14. Bf5 Rc7 15. Nb5 Ba6 16. Bd3 Bxb5 17. Bxb5 Qe7 18. Nd2 Ne4 19. Nxe4 dxe4 20. dxc5 Nxc5 21. Bc4 Rfc8 22. Qg4 Be5 23. Bxe5 Qxe5 24. Rd5 Qf6 25. Rcd1 Re8 26. Rf5 Qg6 27. Qf4 Rce7 28. Rd6 Ne6 29. Qxe4 h6 30. Re5 Qf6 31. f4 Qh4 32. g3 Qg4 33. Kg2 Nxf4+ 34. Qxf4 Qc8 35. Rxe7 Rxe7 36. Qd4 Qb7+ 37. Qd5 Qc7 38. Rd8+ Kh7 39. Bd3+ g6 40. Qd4 f6 41. Qd5 Rg7 42. Qa8 1-0

[Event "Ruhrgebiet Regionalliga 1314"]
[Site "Ruhrgebiet"]
[Date "2014.02.09"]
[Round "6.7"]
[White "Reinholz, Benjamin"]
[Black "Ricken, Roland"]
[Result "1-0"]
[WhiteElo "1971"]
[BlackElo "1835"]
[PlyCount "47"]
[EventDate "2013.09.22"]
[EventType "team-tourn"]
[EventRounds "9"]
[EventCountry "GER"]
[SourceTitle "EXT 2024"]
[Source "ChessBase"]
[SourceDate "2023.10.10"]
[SourceVersion "1"]
[SourceVersionDate "2023.10.10"]
[SourceQuality "1"]
[WhiteTeam "Herne Sodingen II"]
[BlackTeam "Buer"]
[WhiteTeamCountry "GER"]
[BlackTeamCountry "GER"]

1. e4 Nc6 2. d4 e5 3. d5 Nce7 4. Bd3 Ng6 5. Ne2 Bc5 6. 0-0 d6 7. Nbc3 Nf6 8. Na4 Bb4 9. c3 Ba5 10. b4 Bb6 11. c4 Nd7 12. Ba3 Qg5 13. c5 dxc5 14. bxc5 Ba5 15. Nb2 Nh4 16. Ng3 Bc3 17. Rb1 c6 18. Nc4 0-0 19. Qa4 Qg6 20. Nd6 cxd5 21. Nxc8 Raxc8 22. Qxd7 Rfd8 23. Qe7 dxe4 24. Bxe4 1-0

[Event "Ruhrgebiet Regionalliga 1314"]
[Site "Ruhrgebiet"]
[Date "2013.12.01"]
[Round "4.5"]
[White "Reinholz, Benjamin"]
[Black "Dewenter, Ulf"]
[Result "0-1"]
[WhiteElo "1971"]
[BlackElo "2092"]
[PlyCount "79"]
[EventDate "2013.09.22"]
[EventType "team-tourn"]
[EventRounds "9"]
[EventCountry "GER"]
[SourceTitle "EXT 2024"]
[Source "ChessBase"]
[SourceDate "2023.10.10"]
[SourceVersion "1"]
[SourceVersionDate "2023.10.10"]
[SourceQuality "1"]
[WhiteTeam "Herne Sodingen II"]
[BlackTeam "Borbeck Weisse Dame"]
[WhiteTeamCountry "GER"]
[BlackTeamCountry "GER"]

1. e4 g6 2. d4 Bg7 3. Nf3 d6 4. Nc3 a6 5. Be3 b5 6. Qd2 Nd7 7. a3 Bb7 8. Ng5 h6 9. Nh3 c5 10. f3 cxd4 11. Bxd4 Bxd4 12. Qxd4 Ngf6 13. Be2 0-0 14. Qd2 Kg7 15. 0-0 Rc8 16. Rac1 Qb6+ 17. Kh1 Rfd8 18. Nf4 e5 19. Nfd5 Nxd5 20. Nxd5 Bxd5 21. Qxd5 Nf6 22. Qb3 d5 23. exd5 Nxd5 24. c3 Nf4 25. Bd1 Rd2 26. c4 Nd3 27. c5 Nxc1 28. Qc3 Rxd1 29. Rxd1 Rxc5 30. Qe3 Qc7 31. h4 h5 32. g4 hxg4 33. h5 Na2 34. Kh2 gxf3 35. hxg6 e4+ 36. Kg1 Qg3+ 37. Kf1 Qh3+ 38. Ke1 Qh1+ 39. Kf2 Rc2+ 40. Kg3 0-1

[Event "Ruhrgebiet Regionalliga 1213"]
[Site "Nordrheinwestfalen"]
[Date "2013.05.05"]
[Round "9.7"]
[White "Reinholz, Benjamin"]
[Black "Busche, Klaus"]
[Result "1-0"]
[WhiteElo "1973"]
[BlackElo "2026"]
[PlyCount "103"]
[EventDate "2012.09.09"]
[EventType "team-tourn"]
[EventRounds "9"]
[EventCountry "GER"]
[SourceTitle "EXT 2020"]
[Source "ChessBase"]
[SourceDate "2019.10.17"]
[SourceVersion "1"]
[SourceVersionDate "2019.10.17"]
[SourceQuality "1"]
[WhiteTeam "Herne Sodingen II"]
[BlackTeam "Ahlen SV"]
[WhiteTeamCountry "GER"]
[BlackTeamCountry "GER"]

1. e4 d5 2. exd5 Nf6 3. Bb5+ Bd7 4. Bxd7+ Qxd7 5. Nf3 Qxd5 6. 0-0 Nc6 7. b3 e6 8. Bb2 Be7 9. Nc3 Qh5 10. Qe2 0-0-0 11. Ne4 Nxe4 12. Qxe4 Bf6 13. d4 Qg6 14. Rfe1 Nb4 15. Qxg6 hxg6 16. Re2 c5 17. c3 Na6 18. Rd1 cxd4 19. cxd4 Nb4 20. Rc1+ Kd7 21. Ba3 Nd5 22. Ne5+ Bxe5 23. dxe5 Rc8 24. Rec2 Rxc2 25. Rxc2 g5 26. g3 g6 27. Bc1 g4 28. Kg2 Rh5 29. Bb2 Rh8 30. Bd4 a6 31. f3 gxf3+ 32. Kxf3 Rh5 33. a3 Rf5+ 34. Ke4 Rf1 35. Rf2 Re1+ 36. Kf3 Rc1 37. Kg4 Rc8 38. Rxf7+ Kc6 39. Rg7 Re8 40. Rxg6 Nc7 41. h4 Kd5 42. Bb2 Re7 43. h5 Ke4 44. h6 Nd5 45. Rg7 Re8 46. Kh5 Rc8 47. h7 Rc2 48. Kg6 Rh2 49. Rxb7 Rh3 50. g4 Nf4+ 51. Kg7 Rh4 52. h8Q 1-0

[Event "Ruhrgebiet Verbandsliga2 1011"]
[Site "Nordrheinwestfalen"]
[Date "2011.01.16"]
[Round "5.8"]
[White "Reinholz, Benjamin"]
[Black "Heimsoth, Sven Holger"]
[Result "0-1"]
[WhiteElo "1861"]
[BlackElo "2111"]
[PlyCount "62"]
[EventDate "2010.09.12"]
[EventType "team-tourn"]
[EventRounds "9"]
[EventCountry "GER"]
[SourceTitle "EXT 2020"]
[Source "ChessBase"]
[SourceDate "2019.10.17"]
[SourceVersion "1"]
[SourceVersionDate "2019.10.17"]
[SourceQuality "1"]
[WhiteTeam "Herne Sodingen II"]
[BlackTeam "Muelheim Nord III"]
[WhiteTeamCountry "GER"]
[BlackTeamCountry "GER"]

1. e4 b6 2. d4 Bb7 3. Nc3 e6 4. Bd3 Nf6 5. Nf3 Bb4 6. Bg5 h6 7. Bxf6 Qxf6 8. 0-0 Bxc3 9. bxc3 d6 10. Nd2 e5 11. f4 exd4 12. e5 dxe5 13. fxe5 Qg5 14. Nf3 Qe3+ 15. Kh1 0-0 16. cxd4 Nd7 17. Rb1 c5 18. Bb5 Rad8 19. Rb3 Qf4 20. e6 fxe6 21. Ne5 Qe4 22. Rxf8+ Rxf8 23. Nf3 Nf6 24. dxc5 Ng4 25. Qd2 bxc5 26. h3 Ne5 27. Nxe5 Qxe5 28. Re3 Qg5 29. Re2 Qh4 30. Qe3 Kh8 31. Qxe6 Rf1+ 0-1

[Event "Ruhrgebiet Verbandsliga2 1011"]
[Site "Nordrheinwestfalen"]
[Date "2010.11.14"]
[Round "3"]
[White "Reinholz, Benjamin"]
[Black "Schaller, Fabian"]
[Result "0-1"]
[WhiteElo "1861"]
[BlackElo "1708"]
[PlyCount "58"]
[EventDate "2010.09.12"]
[EventType "team-tourn"]
[EventRounds "9"]
[EventCountry "GER"]
[SourceTitle "EXT 2020"]
[Source "ChessBase"]
[SourceDate "2019.10.17"]
[SourceVersion "1"]
[SourceVersionDate "2019.10.17"]
[SourceQuality "1"]
[WhiteTeam "Herne Sodingen II"]
[BlackTeam "Welper SV"]
[WhiteTeamCountry "GER"]
[BlackTeamCountry "GER"]

1. Nf3 e6 2. c4 Nf6 3. b3 c5 4. Bb2 d5 5. e3 Nc6 6. d4 cxd4 7. Nxd4 Qa5+ 8. Bc3 Bb4 9. Bxb4 Qxb4+ 10. Qd2 Nxd4 11. exd4 Qxd2+ 12. Nxd2 0-0 13. c5 Re8 14. f4 a6 15. Bd3 Nd7 16. Kf2 f6 17. Rhe1 e5 18. Bf5 Nxc5 19. Bxc8 Nd3+ 20. Kg1 Raxc8 21. Re3 e4 22. f5 Rc2 23. Nf1 Rec8 24. Rg3 Rc1 25. Rxc1 Rxc1 26. h4 Ra1 27. Rh3 Rxa2 28. Ne3 Ra1+ 29. Kh2 Nf2 0-1

[Event "Ruhrgebiet VK3 0910"]
[Site "Ruhrgebiet"]
[Date "2010.02.21"]
[Round "7.8"]
[White "Imcke, Patrick"]
[Black "Reinholz, Benjamin"]
[Result "1-0"]
[WhiteElo "1681"]
[BlackElo "1842"]
[PlyCount "76"]
[EventDate "2009.09.06"]
[EventType "team"]
[EventRounds "9"]
[EventCountry "GER"]
[SourceTitle "EXT 2011"]
[Source "ChessBase"]
[SourceDate "2010.11.26"]
[SourceVersion "1"]
[SourceVersionDate "2010.11.26"]
[SourceQuality "1"]
[WhiteTeam "Katernberg III"]
[BlackTeam "Herne Sodingen II"]
[WhiteTeamCountry "GER"]
[BlackTeamCountry "GER"]

1. e4 e5 2. Nf3 Nc6 3. d4 exd4 4. Nxd4 g6 5. Be3 Bg7 6. Nc3 d6 7. Bc4 Nge7 8. Qd2 Na5 9. Be2 Be6 10. Nd5 Nac6 11. c4 0-0 12. 0-0 Qd7 13. Rad1 Rac8 14. b4 f5 15. Nxe7+ Nxe7 16. Nxe6 Qxe6 17. exf5 Nxf5 18. Bxa7 Rce8 19. Rfe1 Qd7 20. Bf3 Qa4 21. Be3 Nxe3 22. fxe3 b6 23. Re2 Be5 24. Rb1 Kg7 25. Qc2 Qxc2 26. Rxc2 Re7 27. c5 dxc5 28. bxc5 bxc5 29. Bc6 Bd6 30. Rb3 Rf6 31. Bd5 Kf8 32. a4 Be5 33. Rxc5 Ra6 34. Rc4 Bd6 35. g3 Kg7 36. Kf2 Kf8 37. Rb5 Re5 38. e4 Re8 1-0

[Event "Ruhrgebiet VK3 0910"]
[Site "Ruhrgebiet"]
[Date "2009.10.04"]
[Round "2.8"]
[White "Reinholz, Benjamin"]
[Black "Loskarn, Peter"]
[Result "1/2-1/2"]
[WhiteElo "1842"]
[BlackElo "1898"]
[PlyCount "70"]
[EventDate "2009.09.06"]
[EventType "team"]
[EventRounds "9"]
[EventCountry "GER"]
[SourceTitle "EXT 2011"]
[Source "ChessBase"]
[SourceDate "2010.11.26"]
[SourceVersion "1"]
[SourceVersionDate "2010.11.26"]
[SourceQuality "1"]
[WhiteTeam "Herne Sodingen II"]
[BlackTeam "Wacker Bergeborbeck"]
[WhiteTeamCountry "GER"]
[BlackTeamCountry "GER"]

1. e4 c5 2. Nc3 Nc6 3. g3 d6 4. Bg2 Nf6 5. Nge2 e5 6. d3 Be7 7. f4 Bg4 8. h3 Bxe2 9. Nxe2 0-0 10. Be3 b5 11. g4 Nd4 12. c3 Nxe2 13. Qxe2 Kh8 14. h4 Ng8 15. g5 a5 16. f5 b4 17. c4 a4 18. 0-0-0 f6 19. Qg4 Ra7 20. Rdg1 Qd7 21. Bf3 Bd8 22. Rh2 a3 23. b3 Rb7 24. Rhg2 Ra7 25. Be2 Rb7 26. Kd2 Ra7 27. Qg3 Rb7 28. Bg4 Qc7 29. Bh3 Ra7 30. Ke2 Rb7 31. h5 fxg5 32. Bxg5 Bxg5 33. Qxg5 Rf6 34. Qh4 Qd8 35. Rg5 Qf8 1/2-1/2

[Event "Herne op"]
[Site "Herne"]
[Date "2006.03.14"]
[Round "5"]
[White "Pohl, Mathias"]
[Black "Reinholz, Benjamin"]
[Result "0-1"]
[WhiteElo "2060"]
[BlackElo "1712"]
[PlyCount "52"]
[EventDate "2006.02.06"]
[EventType "swiss"]
[EventRounds "7"]
[EventCountry "GER"]
[SourceTitle "EXT 2007"]
[Source "ChessBase"]
[SourceDate "2006.11.23"]
[SourceVersion "1"]
[SourceVersionDate "2006.11.23"]
[SourceQuality "1"]

1. Nf3 Nf6 2. d4 d5 3. Bf4 Bf5 4. e3 e6 5. c4 Bb4+ 6. Nbd2 c5 7. Qa4+ Nc6 8. cxd5 Nxd5 9. Bb5 0-0 10. Bxc6 bxc6 11. Bg3 cxd4 12. Nxd4 Qb6 13. Nxf5 Bxd2+ 14. Kxd2 Qxb2+ 15. Kd3 exf5 16. Qd4 Qa3+ 17. Ke2 Rad8 18. Qc4 Qb2+ 19. Kf3 g5 20. h3 h5 21. Bh2 Rfe8 22. g4 hxg4+ 23. hxg4 Re4 24. Qd3 Qf6 25. Qc2 fxg4+ 26. Ke2 Qf3+ 0-1